Perimeter, area, and volume : (Record no. 3111)

MARC details
000 -LEADER
fixed length control field 01337cam a2200301 a 4500
005 - DATE AND TIME OF LATEST TRANSACTION
control field 20240207095212.0
020 ## - INTERNATIONAL STANDARD BOOK NUMBER
International Standard Book Number 9780545480888
040 ## - CATALOGING SOURCE
Original cataloging agency DLC
Transcribing agency DLC
Modifying agency IG#
-- BDX
-- IK2
-- YDXCP
-- BTCTA
-- PCX
-- FT6
-- XYZ
-- VP@
-- DLC
Language of cataloging eng
050 00 - LIBRARY OF CONGRESS CALL NUMBER
Classification number QC90.A35
Item number 2012
082 00 - DEWEY DECIMAL CLASSIFICATION NUMBER
Classification number 516.15
100 1# - MAIN ENTRY--PERSONAL NAME
Personal name Adler, David A
245 10 - TITLE STATEMENT
Title Perimeter, area, and volume :
Remainder of title a monster book of dimensions /
Statement of responsibility, etc. by Adler, David A ; illustrated by Miller, Edward
250 ## - EDITION STATEMENT
Edition statement First Scholastic printing , October 2012
260 ## - PUBLICATION, DISTRIBUTION, ETC.
Place of publication, distribution, etc. New York :
Name of publisher, distributor, etc. Scholastic ,
Date of publication, distribution, etc. 2012
300 ## - PHYSICAL DESCRIPTION
Extent 30 unnumbered pages :
Other physical details color illustrations ;
Dimensions 26 cm.
505 ## - FORMATTED CONTENTS NOTE
Formatted contents note N <br/>
520 ## - SUMMARY, ETC.
Summary, etc. "Grab your jumbo popcorn and 3-D glasses, because you're invited to the premiere of a 3-D movie! The star-studded cast of monsters will help you calculate the perimeter of the set, the area of the movie screen, and the volume of your popcorn box. Learning about dimensions has never been so entertaining."--Amazon.com.
521 ## - TARGET AUDIENCE NOTE
Target audience note 590 <br/>
Source Lexile <br/>
521 ## - TARGET AUDIENCE NOTE
Target audience note N <br/>
Source Raz-Plus <br/>
650 #0 - SUBJECT ADDED ENTRY--TOPICAL TERM
Topical term or geographic name entry element Weights and measures
Form subdivision Juvenile literature.
650 #0 - SUBJECT ADDED ENTRY--TOPICAL TERM
Topical term or geographic name entry element Dimensions
Form subdivision Juvenile literature.
650 #1 - SUBJECT ADDED ENTRY--TOPICAL TERM
Topical term or geographic name entry element Weights and measures.
650 #1 - SUBJECT ADDED ENTRY--TOPICAL TERM
Topical term or geographic name entry element Dimensions.
700 1# - ADDED ENTRY--PERSONAL NAME
Personal name Miller, Edward
Dates associated with a name 1964-
Relator term illustrator
906 ## - LOCAL DATA ELEMENT F, LDF (RLIN)
a 7
b cbc
c orignew
d 1
e ecip
f 20
g y-gencatlg
942 ## - ADDED ENTRY ELEMENTS (KOHA)
Source of classification or shelving scheme Dewey Decimal Classification
Koha item type Books
Suppress in OPAC No
999 ## -
-- 3111
-- 3111
Holdings
Withdrawn status Lost status Source of classification or shelving scheme Damaged status Not for loan Collection Home library Current library Shelving location Date acquired Total Checkouts Full call number Barcode Date last seen Date last checked out Price effective from Koha item type
    Dewey Decimal Classification     Juvenile Fiction Footprints International School Library Network Toul Kork Campus Footprints International School Library Network Toul Kork Campus   02/07/2024 1 ALD 516.15 QC90.A35 FISTK04425 04/10/2025 02/20/2024 02/07/2024 Books